00816nam a22002177a 4500003000500000005001700005008004100022010001100063011001100074035001100085040000900096082001800105100003400123245016600157246012100323260006800444300003000512650001700542650001600559650002300575CHAP20220329143740.0110531s1970 mx a r 00010 spa d a101363 a102335 a113023 cCHAP04a621.8672bH431 aHerrera Fernández, Gustavo.10aCurso nacional de instalación de tuberías de asbesto - cemento y plástico (2o.) :bel asbesto - cemento y el agua potablec/por Gustavo Herrera Fernández3 iEn portada :aCurso nacional de instalación de tuberías de asbesto cemento, plástico y piezas especiales (2o.) aMonterrey, N.L. :bSecretaría de Recursos Hidraulicos ,c1970 a[200 p.] :bilus., tablas14aPlásticos.14aTuberías.14aTubos de concreto.